01827cam a22004694i 4500003000900000005001700009008004100026020001500067035002700082040003300109049000900142082002000151100002800171245005500199264006700254300003800321336002100359337002500380338002300405504003900428505016400467526001000631526001000641526001000651526001000661526000800671526000800679526000800687526000800695526000800703526000800711526000800719650003700727910001800764942001400782949013000796994001400926596000600940999017500946980005501121952018101176PE-LiUPU20250731173535.0150616s1993 xxk r 000 0 spa d a0805465863 a(Sirsi) i9780805465860 aPE-LiUPUbspacPE-LiUPUerda aPRUA04a268.09bR342211 aReed, James E.,eautor.12aA History of Christian Education /cJames E. Reed. 1aNashville, Tennessee :bBroadman and Holman Publishers,c1993. a386 páginas ;c22 centímetros atext2rdacontent aunmediated2rdamedia avolume2rdacarrier aBibliografía: páginas 376-379.0 aEducation in ancient societies.- Ancient christian education.- Christian education in the middle ages.- Christian education in the renaissance and reformation. aSEG42 aSEG41 aSEG40 aSEG39 aP94 aP87 aP86 aP85 aP77 aP76 aP3504aEducación cristianaxHistoria. ajckbjvqcjck 2ddccBOOK a268.09 R34wDEWEYc1i42381lCCODEBUL1mBULr0sYtBOOKu2015-6-16xTEOLOGIAzUNKNOWN0COMPRAo.STAFF. Colección Teología aC0bPEPRU a1 a268.09 R34wDEWEYc60216i42381d60216e2017-4-6f2021-11-10g5lCCODEBUL1mBULn4p20.00q4r0sYtBOOKu2015-6-16xTEOLOGIAPP350COMPRAo.STAFF. Colección Teología 81gALBERTO SANCHEZ Responsable de Automatización r2025-12-02 00:00:00i6l4o268.09 R34p42381s2017-04-06te1v25.00w2015-06-16xFTyBKzinventario-2023-12-13102ddc50708GENfP35aBULbBULcGENd2015-06-16eCOMPRAg20.00